|
|
|
|
| LEADER |
01855cas a2200241 a 4500 |
| 001 |
AALejournalIMF006446 |
| 008 |
230101c9999 xx r poo 0 0eng d |
| 020 |
|
|
|c 5.00 USD
|
| 020 |
|
|
|z 9781455200788
|
| 022 |
|
|
|a 1018-5941
|
| 040 |
|
|
|a BD-DhAAL
|c BD-DhAAL
|
| 100 |
1 |
|
|a Kalra, Sanjay.
|
| 245 |
1 |
0 |
|a Investigating growth spillovers from Europe /
|c Sanjay Kalra.
|
| 264 |
|
1 |
|a Washington, D.C. :
|b International Monetary Fund,
|c 2010.
|
| 300 |
|
|
|a 1 online resource (33 pages)
|
| 490 |
1 |
|
|a IMF Working Papers
|
| 500 |
|
|
|a <strong>Off-Campus Access:</strong> No User ID or Password Required
|
| 500 |
|
|
|a <strong>On-Campus Access:</strong> No User ID or Password Required
|
| 506 |
|
|
|a Electronic access restricted to authorized BRAC University faculty, staff and students
|
| 520 |
3 |
|
|a The paper characterizes trade exposure and regional integration in six ASEAN economies during 1997-2008. For this, the paper uses the 2000 Asian Input Output Tables which are extrapolated using National Income Accounts and COMTRADE data. On the demand side, the paper shows that the level and geographical nature of external exposure varies across the ASEANs, and has changed over time. In particular, there was a shift in the external demand exposure of ASEANs from mature markets, including the United States, to China and ROW. In addition, the share of China in East Asia's final demand, especially investment, rose sharply while that of Japan fell. On the supply side, the paper documents the rise of China into a 'global factory' and the steady shift in regional production and integration from Japan and the United States to China.
|
| 538 |
|
|
|a Mode of access: Internet
|
| 830 |
|
0 |
|a IMF Working Papers; Working Paper ;
|v No. 2010/119
|
| 856 |
4 |
0 |
|z Full text available on IMF
|u http://elibrary.imf.org/view/journals/001/2010/119/001.2010.issue-119-en.xml
|z IMF e-Library
|